Famous Rockers By Picture - Part 1 (A - K) - Statistics

General Stats
  • This quiz has been taken 500 times
    358 since last reset
  • The average score is 21 of 37
Answer Stats
Picture Answer % Correct
David Bowie
96%
Kurt Cobain
91%
Elton John
89%
Jimi Hendrix
86%
Billie Joe Armstrong
82%
Mick Jagger
81%
Bono
78%
Dave Grohl
77%
Alice Cooper
71%
Buddy Holly
70%
Janis Joplin
68%
Chuck Berry
67%
Eric Clapton
65%
James Brown
65%
Joan Jett
63%
Phil Collins
63%
Billy Idol
62%
Billy Joel
62%
Jon Bon Jovi
61%
Liam Gallagher
60%
Bob Dylan
55%
Lenny Kravitz
53%
Lemmy Kilmister
51%
Debbie Harry
50%
Chris Cornell
49%
Mark Knopfler
48%
Billy Corgan
45%
Bryan Adams
42%
Anthony Kiedis
41%
Nick Cave
34%
Chrissie Hynde
31%
Chad Kroeger
28%
Don Henley
27%
Rivers Cuomo
26%
Joe Cocker
22%
Elvis Costello
19%
John Fogerty
18%
No matching quizzes found
Score Distribution
Percent of People with Each Score
Percentile by Number Answered
Your Score History
You have not taken this quiz since the last reset